000 00725nam a2200265Ia 4500
003 OSt
005 20220918163502.0
006 a|||||r|||| 00| 0
007 ta
008 220917b |||||||| |||| 00| 0 eng d
020 _a0048000043
024 _a3,298
037 _cTextual
040 _aARTS
_cARTS
_beng
041 _2eng
_aeng
082 _aO111,1K08,PL:g, M0-;1-;2
100 _aHunter G K
_910934
245 0 _aParadise lost
260 _aLondon
_bGeorge Allen and Unwin
_c1980
300 _avii,213p Bibliography
_ccm.
490 _aUnwin critical library
650 _aENGLISH LITERATURE
942 _hO111,1K08,PL:g, M0-;1-;2
_cTEXL
_2CC
999 _c119806
_d119806